[Event "Crema op 11th"]
[Site "Crema"]
[Date "2009.09.04"]
[Round "2"]
[White "Giannetta, Paolo"]
[Black "Lorenzotti, Fabrizio"]
[Result "1-0"]
[WhiteElo "1931"]
[BlackElo "1733"]
[PlyCount "36"]
[EventDate "2009.09.04"]
[EventType "swiss"]
[EventRounds "6"]
[EventCountry "ITA"]
[SourceTitle "EXT 2011"]
[Source "ChessBase"]
[SourceDate "2010.11.26"]
[SourceVersion "1"]
[SourceVersionDate "2010.11.26"]
[SourceQuality "1"]

1. Nf3 Nf6 2. c4 d6 3. g3 g6 4. Bg2 Bg7 5. 0-0 0-0 6. Nc3 Nc6 7. Rb1 e5 8. d3 Ne7 9. b4 c6 10. Qb3 b6 11. b5 Bd7 12. Bg5 h6 13. Bxf6 Bxf6 14. Ne4 Nf5 15. e3 Qe7 16. Nfd2 Rac8 17. a4 Bg7 18. Rfc1 d5 1-0

[Event "Bergamo op 8th"]
[Site "Bergamo"]
[Date "2009.07.17"]
[Round "2"]
[White "Seyfried, Claus"]
[Black "Giannetta, Paolo"]
[Result "1/2-1/2"]
[WhiteElo "1965"]
[BlackElo "1930"]
[PlyCount "45"]
[EventDate "2009.07.17"]
[EventType "swiss"]
[EventRounds "6"]
[EventCountry "ITA"]
[SourceTitle "EXT 2012"]
[Source "ChessBase"]
[SourceDate "2011.11.24"]
[SourceVersion "1"]
[SourceVersionDate "2011.11.24"]
[SourceQuality "1"]

1. e4 d5 2. exd5 Qxd5 3. Nc3 Qd8 4. d4 Nf6 5. Bg5 c6 6. Qd2 h6 7. Bh4 Bf5 8. Nf3 e6 9. Ne5 Be7 10. Be2 Nbd7 11. 0-0-0 Nxe5 12. dxe5 Qxd2+ 13. Rxd2 Nd7 14. Bxe7 Kxe7 15. f4 g5 16. g3 gxf4 17. gxf4 Rhg8 18. Bf3 f6 19. Rhd1 Rad8 20. exf6+ Nxf6 21. Rxd8 Rxd8 22. Rxd8 Kxd8 23. Ne2 1/2-1/2

[Event "Bergamo op 7th"]
[Site "Bergamo"]
[Date "2008.09.12"]
[Round "2"]
[White "Astengo, Marcello"]
[Black "Giannetta, Paolo"]
[Result "1-0"]
[WhiteElo "2075"]
[BlackElo "1934"]
[PlyCount "85"]
[EventDate "2008.09.12"]
[EventType "swiss"]
[EventRounds "6"]
[EventCountry "ITA"]
[SourceTitle "CBM 126 Extra"]
[Source "ChessBase"]
[SourceDate "2008.11.05"]
[SourceVersion "1"]
[SourceVersionDate "2008.11.05"]
[SourceQuality "1"]

1. d4 Nf6 2. c4 d6 3. Nc3 Nbd7 4. e4 e5 5. Nf3 Be7 6. Be2 0-0 7. 0-0 c6 8. b3 Re8 9. Bb2 Qc7 10. Qc2 exd4 11. Nxd4 Nc5 12. Rad1 Bf8 13. f3 a5 14. Rfe1 Nh5 15. Qd2 g6 16. Bf1 Be6 17. Nce2 Qb6 18. Kh1 Rad8 19. g4 Nxe4 20. fxe4 Bxg4 21. Bg2 d5 22. exd5 cxd5 23. cxd5 Bb4 24. Bc3 Bxc3 25. Qxc3 Nf6 26. Ne6 fxe6 27. Qxf6 Rf8 28. Qd4 Qxd4 29. Rxd4 Bxe2 30. Rxe2 exd5 31. Rxd5 Rf1+ 32. Bxf1 Rxd5 33. Kg1 Kf7 34. Kf2 b6 35. Bg2 Rc5 36. Ke3 g5 37. Kd4 Kf6 38. Rf2+ Kg7 39. Bd5 h5 40. Bc4 Rc7 41. Rf5 Kg6 42. Bd3 Kg7 43. Rxg5+ 1-0

[Event "Milan Crespi op-A 28th"]
[Site "Milan"]
[Date "2007.12.08"]
[Round "6"]
[White "Giannetta, Paolo"]
[Black "Papale, Carmelo"]
[Result "1-0"]
[WhiteElo "1947"]
[BlackElo "1899"]
[PlyCount "47"]
[EventDate "2007.12.05"]
[EventType "swiss"]
[EventRounds "7"]
[EventCountry "ITA"]
[SourceTitle "EXT 2009"]
[Source "ChessBase"]
[SourceDate "2008.11.26"]
[SourceVersion "1"]
[SourceVersionDate "2008.11.26"]
[SourceQuality "1"]

1. d4 Nf6 2. c4 c5 3. d5 b5 4. cxb5 a6 5. f3 d6 6. e4 axb5 7. Bxb5+ Bd7 8. Bxd7+ Nbxd7 9. Ne2 g6 10. Nbc3 Bg7 11. Be3 Qa5 12. Qd2 0-0 13. 0-0 Rfb8 14. Rab1 Qa6 15. h3 Ne5 16. b3 Nd3 17. Rbd1 Nb4 18. a4 Nd7 19. Nb5 Qa5 20. f4 c4 21. bxc4 Nxd5 22. Qxa5 Rxa5 23. cxd5 Rxa4 24. Nbc3 1-0

[Event "Milan Crespi op-A 28th"]
[Site "Milan"]
[Date "2007.12.07"]
[Round "4"]
[White "Giannetta, Paolo"]
[Black "Abdelatief, Abdelhakiem"]
[Result "1-0"]
[WhiteElo "1947"]
[BlackElo "1930"]
[PlyCount "45"]
[EventDate "2007.12.05"]
[EventType "swiss"]
[EventRounds "7"]
[EventCountry "ITA"]
[SourceTitle "EXT 2009"]
[Source "ChessBase"]
[SourceDate "2008.11.26"]
[SourceVersion "1"]
[SourceVersionDate "2008.11.26"]
[SourceQuality "1"]

1. d4 Nf6 2. c4 e6 3. Nf3 d5 4. g3 Be7 5. Bg2 0-0 6. 0-0 c6 7. Qc2 Nbd7 8. Nbd2 Qc7 9. Re1 Bb4 10. a3 Bxd2 11. Nxd2 dxc4 12. Nxc4 b5 13. Bf4 e5 14. Nxe5 Nh5 15. Nxc6 Qb6 16. Bc7 Qa6 17. Ne7+ Kh8 18. Bxa8 Ndf6 19. Qc5 Re8 20. Bc6 Rxe7 21. Qxe7 Qxc6 22. Qf8+ Ng8 23. Qxc8 1-0

[Event "Milan Crespi op 27th"]
[Site "Milan"]
[Date "2006.12.10"]
[Round "6"]
[White "Giannetta, Paolo"]
[Black "Bozzali, Ermanno"]
[Result "0-1"]
[WhiteElo "1980"]
[BlackElo "2099"]
[PlyCount "74"]
[EventDate "2006.12.07"]
[EventType "swiss"]
[EventRounds "6"]
[EventCountry "ITA"]
[SourceTitle "EXT 2008"]
[Source "ChessBase"]
[SourceDate "2007.11.25"]
[SourceVersion "1"]
[SourceVersionDate "2007.11.25"]
[SourceQuality "1"]

1. d4 Nf6 2. Nc3 d5 3. Bg5 Bf5 4. Nf3 h6 5. Bh4 c6 6. e3 Nbd7 7. Bd3 Bxd3 8. Qxd3 Qa5 9. 0-0 e6 10. Bxf6 Nxf6 11. Ne5 Bb4 12. Ne2 Qb5 13. c4 dxc4 14. Nxc4 Be7 15. Nc3 Qh5 16. Ne5 Rd8 17. Qc4 Bd6 18. Rad1 0-0 19. Nf3 g5 20. h3 g4 21. hxg4 Nxg4 22. Ne4 Bh2+ 23. Kh1 Bb8+ 24. Kg1 Rd5 25. Rfe1 Rf5 26. Qe2 Kh8 27. Ng3 Bxg3 28. fxg3 Rg8 29. e4 Rb5 30. d5 Ne5 31. Nd4 Ng4 32. Nf3 exd5 33. e5 Rb4 34. e6 fxe6 35. Qxe6 Qg6 36. Qd7 Rxb2 37. Re7 Qc2 0-1

[Event "Milan Crespi op 27th"]
[Site "Milan"]
[Date "2006.12.09"]
[Round "5"]
[White "Barlocco, Carlo"]
[Black "Giannetta, Paolo"]
[Result "1-0"]
[WhiteElo "2198"]
[BlackElo "1980"]
[PlyCount "83"]
[EventDate "2006.12.07"]
[EventType "swiss"]
[EventRounds "6"]
[EventCountry "ITA"]
[SourceTitle "EXT 2008"]
[Source "ChessBase"]
[SourceDate "2007.11.25"]
[SourceVersion "1"]
[SourceVersionDate "2007.11.25"]
[SourceQuality "1"]

1. b4 e5 2. Bb2 d6 3. e3 Nf6 4. Nf3 Be7 5. Be2 Be6 6. 0-0 Nbd7 7. c4 a5 8. b5 0-0 9. d4 e4 10. Nfd2 c5 11. d5 Bf5 12. Nc3 Ne5 13. Qb1 Qd7 14. Ncxe4 Nfg4 15. h3 Nh6 16. Bxe5 dxe5 17. Bd3 Bxe4 18. Nxe4 f5 19. Nc3 e4 20. Bc2 Bf6 21. Qe1 Qd6 22. Rc1 g5 23. g3 b6 24. Bd1 Ra7 25. Kg2 Rg7 26. g4 Bd8 27. gxf5 Bc7 28. Rh1 Qe5 29. Bc2 g4 30. hxg4 Nxg4 31. Kf1 Nh2+ 32. Ke2 Nf3 33. Qd1 Qxf5 34. Bxe4 Nd4+ 35. Kd3 Qxf2 36. Rf1 Qg3 37. Rg1 Qh3 38. Rxg7+ Kxg7 39. Qh1 Qxh1 40. Rxh1 Nf5 41. Rg1+ Kf6 42. Bxf5 1-0

[Event "Milan Crespi op 26th"]
[Site "Milan"]
[Date "2005.12.09"]
[Round "4"]
[White "Massironi, Marco"]
[Black "Giannetta, Paolo"]
[Result "1-0"]
[WhiteElo "2112"]
[BlackElo "2039"]
[PlyCount "65"]
[EventDate "2005.12.07"]
[EventType "swiss"]
[EventRounds "7"]
[EventCountry "ITA"]
[SourceTitle "EXT 2007"]
[Source "ChessBase"]
[SourceDate "2006.11.23"]
[SourceVersion "1"]
[SourceVersionDate "2006.11.23"]
[SourceQuality "1"]

1. e4 d5 2. exd5 Qxd5 3. Nc3 Qa5 4. d4 Nf6 5. Bc4 c6 6. Nf3 Bf5 7. Bd2 Qb6 8. Bb3 e6 9. Qe2 Nbd7 10. 0-0-0 Bb4 11. h3 Bxc3 12. Bxc3 Nd5 13. Bd2 h6 14. g4 Bh7 15. Ne5 Qc7 16. Rhe1 Nxe5 17. Qxe5 Qxe5 18. dxe5 0-0-0 19. c4 Nb6 20. Bb4 Rxd1+ 21. Rxd1 Rd8 22. Rxd8+ Kxd8 23. Bf8 Bd3 24. Bxg7 Nxc4 25. Bc2 Bf1 26. h4 Be2 27. b3 Nb6 28. Bd1 Bd3 29. Bxh6 Nd5 30. Bg7 Nf4 31. h5 Ke7 32. Kd2 Bb1 33. Bc2 1-0

[Event "Milan Crespi op 26th"]
[Site "Milan"]
[Date "2005.12.08"]
[Round "2"]
[White "Di Marco, Ruggero"]
[Black "Giannetta, Paolo"]
[Result "0-1"]
[WhiteElo "1922"]
[BlackElo "2039"]
[PlyCount "40"]
[EventDate "2005.12.07"]
[EventType "swiss"]
[EventRounds "7"]
[EventCountry "ITA"]
[SourceTitle "EXT 2007"]
[Source "ChessBase"]
[SourceDate "2006.11.23"]
[SourceVersion "1"]
[SourceVersionDate "2006.11.23"]
[SourceQuality "1"]

1. d4 g6 2. c4 f5 3. Nc3 Nf6 4. h4 Bg7 5. h5 gxh5 6. e4 fxe4 7. Rxh5 d6 8. Rh4 Bf5 9. g4 Bg6 10. g5 Nfd7 11. Nxe4 Nc6 12. d5 Nce5 13. Nh3 Nf8 14. Ng3 Qd7 15. Nh5 Bxh5 16. Qxh5+ Neg6 17. Nf4 Qf5 18. Bd3 Qe5+ 19. Be3 0-0-0 20. Nxg6 Nxg6 0-1

[Event "Milan Crespi op 26th"]
[Site "Milan"]
[Date "2005.12.07"]
[Round "1"]
[White "Giannetta, Paolo"]
[Black "Ramiro Ovejero, Juan Luis"]
[Result "0-1"]
[WhiteElo "2039"]
[BlackElo "2332"]
[PlyCount "50"]
[EventDate "2005.12.07"]
[EventType "swiss"]
[EventRounds "7"]
[EventCountry "ITA"]
[SourceTitle "EXT 2007"]
[Source "ChessBase"]
[SourceDate "2006.11.23"]
[SourceVersion "1"]
[SourceVersionDate "2006.11.23"]
[SourceQuality "1"]

1. d4 d5 2. Bg5 c6 3. Nf3 Qb6 4. Qc1 Bf5 5. e3 Nd7 6. c4 e6 7. c5 Qa5+ 8. Nbd2 b6 9. cxb6 Qxb6 10. Nh4 h6 11. Nxf5 hxg5 12. Ng3 Bd6 13. Be2 Bxg3 14. fxg3 Ngf6 15. 0-0 0-0 16. Nf3 g4 17. Ng5 c5 18. Qd1 Qxb2 19. Rb1 Qa3 20. Rb3 Qxa2 21. Rb7 Rab8 22. Rxb8 Rxb8 23. Bxg4 Qb3 24. Qf3 cxd4 25. Bh5 Ne5 0-1

[Event "Lodi op 1st"]
[Site "Lodi"]
[Date "2005.06.10"]
[Round "1"]
[White "Cecconi, Giovanni Alberto"]
[Black "Giannetta, Paolo"]
[Result "1-0"]
[WhiteElo "2183"]
[BlackElo "2045"]
[PlyCount "71"]
[EventDate "2005.06.10"]
[EventType "swiss"]
[EventRounds "5"]
[EventCountry "ITA"]
[SourceTitle "EXT 2007"]
[Source "ChessBase"]
[SourceDate "2006.11.23"]
[SourceVersion "1"]
[SourceVersionDate "2006.11.23"]
[SourceQuality "1"]

1. g3 g6 2. Bg2 f5 3. d4 Bg7 4. c4 d6 5. Nf3 Nf6 6. Nc3 c6 7. 0-0 0-0 8. Qc2 Na6 9. a3 Rb8 10. Bg5 Qe8 11. Rae1 Qf7 12. e4 fxe4 13. Nxe4 Bf5 14. Bxf6 Bxf6 15. Nxf6+ exf6 16. Qc3 Nc7 17. h4 Rfe8 18. Rxe8+ Rxe8 19. Qb4 Bd3 20. Rc1 Ne6 21. Qc3 Be4 22. Re1 d5 23. Bf1 Nc7 24. b4 Qd7 25. Nd2 Bf5 26. Rxe8+ Nxe8 27. cxd5 cxd5 28. Bg2 Kg7 29. Qc5 Nc7 30. Qxa7 Na6 31. Qb6 Qa4 32. Bxd5 Qxa3 33. Nf1 Bd3 34. Qxb7+ Kh6 35. Bg2 f5 36. Qf3 1-0

[Event "Salsomaggiore Terme op 8th"]
[Site "Salsomaggiore Terme"]
[Date "2004.??.??"]
[Round "4"]
[White "Scuderi, David"]
[Black "Giannetta, Paolo"]
[Result "1/2-1/2"]
[WhiteElo "2055"]
[BlackElo "1805"]
[PlyCount "94"]
[EventDate "2004.05.??"]
[EventType "swiss"]
[EventRounds "6"]
[EventCountry "ITA"]
[SourceTitle "EXT 2007"]
[Source "ChessBase"]
[SourceDate "2006.11.23"]
[SourceVersion "1"]
[SourceVersionDate "2006.11.23"]
[SourceQuality "1"]

1. e4 d5 2. exd5 Qxd5 3. Nc3 Qa5 4. d4 c6 5. Nf3 Nf6 6. Bd2 Qb6 7. Bc4 Bf5 8. Bb3 e6 9. 0-0 Nbd7 10. Be3 Qc7 11. h3 h6 12. Qd2 Bd6 13. Rfe1 0-0 14. Rad1 Rad8 15. Qc1 Nd5 16. Nxd5 exd5 17. c4 dxc4 18. Bxc4 Nb6 19. Bb3 Nd5 20. Bd2 Rfe8 21. a3 Nf4 22. Bxf4 Bxf4 23. Qc5 Bg6 24. Qxa7 Be4 25. Ne5 Bxe5 26. dxe5 Rxd1 27. Rxd1 Bd5 28. Bc2 Qxe5 29. Qxb7 Rb8 30. Qd7 Qg5 31. g3 g6 32. b4 Qf6 33. Qg4 Qb2 34. Qf4 Ra8 35. Be4 Rxa3 36. Bxd5 cxd5 37. Rxd5 Qa1+ 38. Kg2 Kg7 39. b5 Rb3 40. Qd2 Qa8 41. Qd4+ Kh7 42. Kh2 Rb1 43. g4 Qb7 44. Qd3 Qc7+ 45. Qg3 Qc1 46. Qg2 Qf4+ 47. Qg3 Qc1 1/2-1/2

[Event "Crema op 05th"]
[Site "Crema"]
[Date "2003.09.06"]
[Round "4"]
[White "Boninsegna, Ferdinando"]
[Black "Giannetta, Paolo"]
[Result "0-1"]
[WhiteElo "1615"]
[BlackElo "1705"]
[PlyCount "50"]
[EventDate "2003.09.05"]
[EventType "swiss"]
[EventRounds "6"]
[EventCountry "ITA"]
[SourceTitle "EXT 2007"]
[Source "ChessBase"]
[SourceDate "2006.11.23"]
[SourceVersion "1"]
[SourceVersionDate "2006.11.23"]
[SourceQuality "1"]

1. e4 d6 2. d4 Nf6 3. Nc3 c6 4. Nf3 g6 5. h3 Bg7 6. Bf4 Qa5 7. Qd2 Nbd7 8. Be2 e5 9. dxe5 dxe5 10. Be3 b5 11. Bd3 0-0 12. Bh6 b4 13. Nb1 c5 14. Bxg7 Kxg7 15. c3 Bb7 16. cxb4 cxb4 17. Qe2 Nc5 18. Nbd2 Rfd8 19. Nxe5 Nxd3+ 20. Nxd3 Ba6 21. Nb3 Qg5 22. f4 Qg3+ 23. Qf2 Qxd3 24. Nc5 Qc4 25. f5 Nxe4 0-1